New insights into business and organizational communication (Record no. 52143)

MARC details
000 -LEADER
fixed length control field 00654nam a2200181 a 4500
008 - FIXED-LENGTH DATA ELEMENTS--GENERAL INFORMATION
fixed length control field 120416s2001 ||||||||||||||||| || u
020 ## - INTERNATIONAL STANDARD BOOK NUMBER
International Standard Book Number 0796200025
050 ## - LIBRARY OF CONGRESS CALL NUMBER
Classification number HF 5718 Mer
100 ## - MAIN ENTRY--PERSONAL NAME
Personal name Mersham, Gary
245 10 - TITLE STATEMENT
Title New insights into business and organizational communication
260 ## - PUBLICATION, DISTRIBUTION, ETC.
Place of publication, distribution, etc. Sandown
Name of publisher, distributor, etc. Heineman
Date of publication, distribution, etc. 2001
300 ## - PHYSICAL DESCRIPTION
Extent v, 183p. : ill.
350 ## - PRICE (NR) (BK AM CF MU VM SE) [OBSOLETE]
Price 0.00
500 ## - GENERAL NOTE
General note Bibliography.
650 #0 - SUBJECT ADDED ENTRY--TOPICAL TERM
Topical term or geographic name entry element BUSINESS COMMUNICATION
650 ## - SUBJECT ADDED ENTRY--TOPICAL TERM
Topical term or geographic name entry element COMMUNICATION IN ORGANIZATIONS
995 ## - RECOMMENDATION 995 [LOCAL, UNIMARC FRANCE]
-- 0.00
-- CBU-MAIN LIBRARY (Kitwe)
-- 1
-- 23.95
-- 1
-- AVAILABLE
-- May 19, 2006
-- Main Library Open Access Collection
Holdings
Withdrawn status Lost status Source of classification or shelving scheme Damaged status Not for loan Home library Current library Shelving location Date acquired Total Checkouts Full call number Barcode Date last seen Price effective from Koha item type
          CBU-MAIN LIBRARY, KITWE. CBU-MAIN LIBRARY, KITWE.   11/30/2022   HF 5718 Mer 52046 11/30/2022 11/30/2022 MONOGRAPH